Algae: Anatomy, biochemistry and biotechnology (Record no. 11430)

MARC details
000 -LEADER
fixed length control field 00484nam a2200181Ia 4500
008 - FIXED-LENGTH DATA ELEMENTS--GENERAL INFORMATION
fixed length control field 230917s9999||||xx |||||||||||||| ||und||
020 ## - ISBN
Price GBP76.99
040 ## - CATALOGING SOURCE
-- 216397
Original cataloging agency VIVEKANANDA LIBRARY
041 ## - Language
-- English
082 ## - DDC NUMBER
Classification number 589.3 B28A(2)
100 ## - MAIN ENTRY--PERSONAL NAME
Personal name Barsanti, Laura
245 #0 - TITLE STATEMENT
Title Algae: Anatomy, biochemistry and biotechnology
250 ## - EDITION STATEMENT
Edition statement 2nd. ed.
260 ## - PUBLICATION, DISTRIBUTION, ETC. (IMPRINT)
Place of publication, distribution, etc Boca Raton
Name of publisher, distributor, etc CRC Press
Date of publication, distribution, etc 2014
300 ## - PHYSICAL DESCRIPTION
Pages xv, 343 p.
500 ## - GENERAL NOTE
General note 1551 19/05/2014 51 20/05/2014 Main Budget
942 ## - ADDED ENTRY ELEMENTS (KOHA)
Koha item type Books
Holdings
Withdrawn status Lost status Damaged status Not for loan Location (home branch) Sublocation or collection (holding branch) Date acquired Koha issues (times borrowed) Koha full call number Accession No. Koha date last seen Koha item type
        VIVEKANANDA LIBRARY VIVEKANANDA LIBRARY 06/06/2014 2 589.3 B28A(2) 306193 09/11/2023 Books
© Designed and Maintained by Vivekananda Library, MDU Rohtak